000 00537nam a2200193 a 4500
001 000034704
005 20200930073842.0
008 111019s1992 sp r 000 0 spa d
020 _a8420618268
040 _aDO-SdBNP
_bspa
_cBNPHU
082 _axxx
_bQ8a
100 1 _aQuiroga, Horacio,
_d1878-1937
_95062
245 1 0 _aAnaconda /
_cHoracio Quiroga.
260 _aMadrid, EspaƱa :
_bAlianza,
_c1992.
300 _a193 p. ;
_c18 cm.
490 1 _aLiteratura
_v826
590 _aInventariado, 2019/BT
830 0 _aLiteratura
_n826
_960159
999 _c34195
_d34195